00655nam a2200169 a 450000100100000000500170001000800410002704000250006808200150009324500490010826000470015730000180020449000590022250000790028150400660036083000590042600003159720200930063037.0110628s1962 xxu 000 0 spa d aDO-SdBNPbspacBNPHU axxxxbE19t00aEconomic, techinical and related assistance. aWashington :bDepartament of State,c1962. a8 p. ;c23cm.1 aTreaties and other international acts seriesvno. 4936 aAgreement between the United States of America and the Dominican Republic. aIncluye referencias bibliográficas al pie de las páginas. 0aTreaties and other international acts seriesvno. 4936